<?xml version="1.0" encoding="UTF-8"?>
<record
    xmlns:xsi="http://www.w3.org/2001/XMLSchema-instance"
    xsi:schemaLocation="http://www.loc.gov/MARC21/slim http://www.loc.gov/standards/marcxml/schema/MARC21slim.xsd"
    xmlns="http://www.loc.gov/MARC21/slim">

  <leader>01395nam a22002537a 4500</leader>
  <controlfield tag="005">20170914020002.0</controlfield>
  <controlfield tag="008">140829b2013    ck ||||| ||||o00| 0 spa d</controlfield>
  <datafield tag="041" ind1=" " ind2=" ">
    <subfield code="a">spa</subfield>
  </datafield>
  <datafield tag="044" ind1=" " ind2=" ">
    <subfield code="a">ck</subfield>
  </datafield>
  <datafield tag="082" ind1=" " ind2=" ">
    <subfield code="a">351.08</subfield>
    <subfield code="b">A48c</subfield>
  </datafield>
  <datafield tag="100" ind1="1" ind2=" ">
    <subfield code="a">Amaya-Navas, Oscar Dar&#xED;o</subfield>
    <subfield code="9">26163</subfield>
  </datafield>
  <datafield tag="245" ind1="1" ind2="0">
    <subfield code="a">Cien reflexiones sobre el Sistema Nacional Ambiental - SINA : </subfield>
    <subfield code="b">informe preventivo</subfield>
    <subfield code="c">Oscar Dar&#xED;o Amaya Navas y Jorge Iv&#xE1;n Hurtado Mora</subfield>
  </datafield>
  <datafield tag="260" ind1=" " ind2=" ">
    <subfield code="a">Bogot&#xE1;</subfield>
    <subfield code="b">Instituto de Estudios del Ministerio P&#xFA;blico. IEMP, </subfield>
    <subfield code="b">Procuradur&#xED;a General de la Naci&#xF3;n. Procuradur&#xED;a Delegada para Asuntos Ambientales y Agrarios</subfield>
    <subfield code="c">2013</subfield>
  </datafield>
  <datafield tag="300" ind1=" " ind2=" ">
    <subfield code="a">40 p.</subfield>
    <subfield code="c">24 cm.</subfield>
  </datafield>
  <datafield tag="505" ind1=" " ind2=" ">
    <subfield code="a">Elementos del Sistema Nacional Ambiental -SINA (pag. 14)</subfield>
  </datafield>
  <datafield tag="505" ind1=" " ind2=" ">
    <subfield code="a">Normativa ambiental (pag. 19)</subfield>
  </datafield>
  <datafield tag="505" ind1=" " ind2=" ">
    <subfield code="a">Entidades del estado responsables de la pol&#xED;tica y de la acci&#xF3;n ambiental (pag. 21)</subfield>
  </datafield>
  <datafield tag="505" ind1=" " ind2=" ">
    <subfield code="a">Organizaciones comunitarias y no gubernamentales relacionadas con al problem&#xE1;tica ambiental (pag. 27)</subfield>
  </datafield>
  <datafield tag="505" ind1=" " ind2=" ">
    <subfield code="a">Fuentes y recursos econ&#xF3;micos para el manejo y la recuperaci&#xF3;n del medio ambiente (pag. 29)</subfield>
  </datafield>
  <datafield tag="505" ind1=" " ind2=" ">
    <subfield code="a">Entidades p&#xFA;blicas, privadas o mixtas que realizan actividades de producci&#xF3;n de informaci&#xF3;n, investigaci&#xF3;n cient&#xED;fica y desarrollo tecnol&#xF3;gico en el campo ambiental (pag. 33)</subfield>
  </datafield>
  <datafield tag="650" ind1=" " ind2="6">
    <subfield code="a">Sistema Nacional Ambiental</subfield>
    <subfield code="9">3522</subfield>
  </datafield>
  <datafield tag="651" ind1=" " ind2="5">
    <subfield code="a">Pol&#xED;tica ambiental</subfield>
    <subfield code="z">Colombia</subfield>
    <subfield code="9">26164</subfield>
  </datafield>
  <datafield tag="942" ind1=" " ind2=" ">
    <subfield code="2">ddc</subfield>
    <subfield code="c">LIBRO</subfield>
    <subfield code="0">1</subfield>
  </datafield>
  <datafield tag="999" ind1=" " ind2=" ">
    <subfield code="c">8634</subfield>
    <subfield code="d">8634</subfield>
  </datafield>
  <datafield tag="952" ind1=" " ind2=" ">
    <subfield code="0">0</subfield>
    <subfield code="1">0</subfield>
    <subfield code="2">ddc</subfield>
    <subfield code="4">0</subfield>
    <subfield code="7">0</subfield>
    <subfield code="8">GENERAL</subfield>
    <subfield code="I">INV2017</subfield>
    <subfield code="a">Bogota</subfield>
    <subfield code="b">Bogota</subfield>
    <subfield code="d">2014-08-29</subfield>
    <subfield code="e">Instituto</subfield>
    <subfield code="g">39000.00</subfield>
    <subfield code="l">1</subfield>
    <subfield code="o">LB-351.08 A48c</subfield>
    <subfield code="p">038276</subfield>
    <subfield code="r">2017-09-13 00:00:00</subfield>
    <subfield code="s">2017-09-13</subfield>
    <subfield code="t">Ej. 1</subfield>
    <subfield code="w">2014-08-29</subfield>
    <subfield code="x">Canje</subfield>
    <subfield code="y">LIBRO</subfield>
  </datafield>
</record>
